00286nam a2200121Ia 4500008004100000041000800041082001500049100001500064245001400079260003600093300002400129365001100153240624s9999 xx 000 0 und d aeng a891.43 KUM aKUMAR ILLA aKRITI KAA c2005aNew DelhibVani Prakashan a104 : p. : cm. ; 21 cRSb20